Drapery business organisation, management and accounts /
| Κύριος συγγραφέας: | Bayley, J. Ernest. |
|---|---|
| Μορφή: | Βιβλίο |
| Γλώσσα: | English |
| Στοιχεία έκδοσης: |
London :
Pitman,
1912.
|
| Ταξινομικός αριθμός: |
338.476453 BAY |
| Θέματα: | |
| Ετικέτες: |
Προσθήκη ετικέτας
Δεν υπάρχουν, Καταχωρήστε ετικέτα πρώτοι!
|
| LEADER | 00569nam a2200169 a 4500 | ||
|---|---|---|---|
| 001 | 1/37015 | ||
| 008 | 090225s1912 enk 001 0 eng d | ||
| 035 | |l 39609 | ||
| 040 | |a DLC |b GR-PeUP | ||
| 082 | 0 | 0 | |a 338.476453 BAY |
| 100 | 1 | |a Bayley, J. Ernest. | |
| 245 | 1 | 0 | |a Drapery business organisation, management and accounts / |c by J. Ernest Bayley. |
| 260 | |a London : |b Pitman, |c 1912. | ||
| 300 | |a x, 291 σ. ; |c 22 εκ. | ||
| 500 | |a Περιέχει ευρετήριο. | ||
| 650 | 4 | |a Dry-goods. | |
| 852 | |a INST |b UNIPILB |c MAIN |e 20090225 |h 338.476453 BAY |p 00157715 |q 00157715 |t LOAN |y 0 |4 1 | ||